[Event "Blagoevgrad op"]
[Site "Blagoevgrad"]
[Date "2013.09.29"]
[Round "3"]
[White "Palikarski, Georgi"]
[Black "Lalev, Ivan"]
[Result "1-0"]
[WhiteElo "2068"]
[BlackElo "2016"]
[PlyCount "145"]
[EventDate "2013.09.28"]
[EventType "swiss"]
[EventRounds "9"]
[EventCountry "BUL"]
[SourceTitle "CBM 156 Extra"]
[Source "ChessBase"]
[SourceDate "2013.10.22"]
[SourceVersion "1"]
[SourceVersionDate "2013.10.22"]
[SourceQuality "1"]

1. Nf3 c5 2. c4 Nf6 3. Nc3 g6 4. g3 Bg7 5. Bg2 0-0 6. 0-0 Nc6 7. b3 d5 8. cxd5 Nxd5 9. Bb2 Bf5 10. Nh4 Be6 11. Na4 Qd6 12. Rc1 b6 13. Bxg7 Kxg7 14. Nc3 Rac8 15. Nxd5 Bxd5 16. Bxd5 Qxd5 17. d3 Rfd8 18. Nf3 e5 19. Qd2 a5 20. Rfe1 f6 21. Qb2 Nd4 22. Nd2 h5 23. h4 Qe6 24. a4 Rb8 25. Rc4 Nf5 26. Ne4 Nd6 27. Nxd6 Rxd6 28. Rec1 Rbd8 29. Re4 Rd4 30. Rc4 f5 31. Re3 Kh7 32. f4 e4 33. Kf2 Kh6 34. Qc2 Re8 35. Qc3 Qd5 36. Qc1 Rd8 37. dxe4 fxe4 38. Qc2 Re8 39. Qc3 Kh7 40. Qb2 Re6 41. Qc3 Kg7 42. Qb2 Kf7 43. Qc1 Kf6 44. Rec3 Rd1 45. Qe3 Kf5 46. Rxc5 bxc5 47. Rxc5 Rd6 48. Qc3 Qxc5+ 49. Qxc5+ R1d5 50. Qc8+ Kf6 51. Qf8+ Ke6 52. Ke3 Rd8 53. Qg7 Rb8 54. Qxg6+ Kd7 55. Kxe4 Rd6 56. Qf7+ Kc6 57. Ke5 Rb4 58. e4 Rd7 59. Qe8 Kc7 60. f5 Rxb3 61. Kf4 Rdd3 62. Qxh5 Rxg3 63. Qf7+ Kd8 64. Qa7 Rh3 65. Qxa5+ Ke7 66. Ke5 Kf8 67. Kf6 Ke8 68. e5 Rhc3 69. e6 Rc8 70. h5 Rbc3 71. h6 R3c7 72. Kg6 Ke7 73. Qb4+ 1-0